Sports Quiz

Random Sports Quiz

RCR : 200 Wins Quiz Stats

Quiz not verified by Sporcle

Challenge
Share
Tweet
Embed
Score 0/200 Timer 15:00
0 Plays Today
Win/Date/Track Driver % Correct
33: 3/18/90-AtlantaDale Earnhardt
94.4%
34: 4/1/90-DarlingtonDale Earnhardt
94.4%
35: 5/6/90-TalladegaDale Earnhardt
94.4%
36: 6/24/90-MichiganDale Earnhardt
94.4%
200: 11/10/13-PhoenixKevin Harvick
88.9%
3: 7/29/84-TalladegaDale Earnhardt
88.9%
4: 11/11/84-AtlantaDale Earnhardt
88.9%
5: 2/24/85-RichmondDale Earnhardt
88.9%
6: 4/6/85-BristolDale Earnhardt
88.9%
7: 8/24/85-BristolDale Earnhardt
88.9%
8: 9/22/85-MartinsvilleDale Earnhardt
88.9%
10: 4/20/86-North WilkesboroDale Earnhardt
88.9%
11: 5/25/86-CharlotteDale Earnhardt
88.9%
12: 10/5/86-CharlotteDale Earnhardt
88.9%
13: 11/2/86-AtlantaDale Earnhardt
88.9%
14: 3/1/87-RockinghamDale Earnhardt
88.9%
15: 3/8/87-RichmondDale Earnhardt
88.9%
16: 3/29/87-DarlingtonDale Earnhardt
88.9%
17: 4/5/87-North WilkesboroDale Earnhardt
88.9%
18: 4/12/87-BristolDale Earnhardt
88.9%
19: 4/26/87-MartinsvilleDale Earnhardt
88.9%
20: 6/28/87-MichiganDale Earnhardt
88.9%
21: 7/19/87-PoconoDale Earnhardt
88.9%
23: 9/6/87-DarlingtonDale Earnhardt
88.9%
24: 9/13/87-RichmondDale Earnhardt
88.9%
25: 3/20/88-AtlantaDale Earnhardt
88.9%
26: 4/24/88-MartinsvilleDale Earnhardt
88.9%
27: 8/27/88-BristolDale Earnhardt
88.9%
28: 4/16/89-North WilkesboroDale Earnhardt
88.9%
29: 6/4/89-DoverDale Earnhardt
88.9%
30: 9/3/89-DarlingtonDale Earnhardt
88.9%
31: 9/17/89-DoverDale Earnhardt
88.9%
32: 11/19/89-AtlantaDale Earnhardt
88.9%
37: 7/7/90-DaytonaDale Earnhardt
88.9%
69: 11/12/95-AtlantaDale Earnhardt
88.9%
70: 2/25/96-Rockingham Dale Earnhardt
88.9%
71: 3/10/96-Atlanta Dale Earnhardt
88.9%
81: 2/15/98-DaytonaDale Earnhardt
88.9%
83: 4/25/99-TalladegaDale Earnhardt
88.9%
84: 8/28/99-BristolDale Earnhardt
88.9%
87: 10/17/99-TalladegaDale Earnhardt
88.9%
88: 3/12/00-AtlantaDale Earnhardt
88.9%
89: 7/29/00-GatewayKevin Harvick
88.9%
90: 8/25/00-BristolKevin Harvick
88.9%
92: 10/29/00-MemphisKevin Harvick
88.9%
94: 3/31/01-TexasKevin Harvick
88.9%
95: 6/16/01-KentuckyKevin Harvick
88.9%
97: 7/21/01-GatewayKevin Harvick
88.9%
135: 9/17/06-LoudonKevin Harvick
88.9%
141: 11/12/06-PhoenixKevin Harvick
88.9%
143: 2/18/07-DaytonaKevin Harvick
88.9%
192: 11/11/12-PhoenixKevin Harvick
88.9%
194: 4/27/13-RichmondKevin Harvick
88.9%
195: 5/26/13-CharlotteKevin Harvick
88.9%
198: 10/6/13-KansasKevin Harvick
88.9%
60: 5/7/95-SonomaDale Earnhardt
83.3%
199: 11/1/13-TexasTy Dillon
83.3%
9: 4/13/86-DarlingtonDale Earnhardt
83.3%
22: 8/22/87-BristolDale Earnhardt
83.3%
38: 7/29/90-TalladegaDale Earnhardt
83.3%
39: 9/2/90-DarlingtonDale Earnhardt
83.3%
40: 9/9/90-RichmondDale Earnhardt
83.3%
41: 11/4/90-PhoenixDale Earnhardt
83.3%
42: 2/24/91-RichmondDale Earnhardt
83.3%
43: 4/28/91-MartinsvilleDale Earnhardt
83.3%
44: 7/29/91-TalladegaDale Earnhardt
83.3%
45: 9/29/91-North WilkesboroDale Earnhardt
83.3%
Win/Date/Track Driver % Correct
46: 5/24/92-CharlotteDale Earnhardt
83.3%
47: 3/28/93-DarlingtonDale Earnhardt
83.3%
48: 5/30/93-CharlotteDale Earnhardt
83.3%
49: 6/6/93-DoverDale Earnhardt
83.3%
50: 7/3/93-DaytonaDale Earnhardt
83.3%
51: 7/18/93-PoconoDale Earnhardt
83.3%
52: 7/25/93-TalladegaDale Earnhardt
83.3%
53: 3/27/94-DarlingtonDale Earnhardt
83.3%
54: 4/10/94-BristolDale Earnhardt
83.3%
55: 5/1/94-TalladegaDale Earnhardt
83.3%
56: 10/23/94-Rockingham Dale Earnhardt
83.3%
58: 4/9/95-North WilkesboroDale Earnhardt
83.3%
65: 8/5/95-IndyDale Earnhardt
83.3%
66: 9/24/95-MartinsvilleDale Earnhardt
83.3%
91: 10/15/00-TalladegaDale Earnhardt
83.3%
93: 3/11/01-AtlantaKevin Harvick
83.3%
96: 7/15/01-ChicagoKevin Harvick
83.3%
99: 8/4/01-IRPKevin Harvick
83.3%
100: 8/24/01-Bristolkevin Harvick
83.3%
106: 7/14/02-ChicagoKevin Harvick
83.3%
117: 4/3/05-BristolKevin Harvick
83.3%
118: 4/4/05-BristolKevin Harvick
83.3%
127: 4/22/06-PhoenixKevin Harvick
83.3%
132: 8/13/06-Watkins GlenKevin Harvick
83.3%
133: 9/8/06-RichmondKevin Harvick
83.3%
134: 9/9/06-RichmondKevin Harvick
83.3%
136: 9/23/06-DoverClint Bowyer
83.3%
137: 9/24/06-DoverJeff Burton
83.3%
138: 9/30/06-KansasKevin Harvick
83.3%
139: 10/28/06-MemphisKevin Harvick
83.3%
140: 11/4/06-TexasKevin Harvick
83.3%
142: 2/17/07-DaytonaKevin Harvick
83.3%
146: 4/15/07-TexasJeff Burton
83.3%
173: 3/27/11-CaliforniaKevin Harvick
83.3%
174: 4/3/11-MartinsvilleKevin Harvick
83.3%
175: 5/29/11-CharlotteKevin Harvick
83.3%
178: 9/10/11-RichmondKevin Harvick
83.3%
188: 8/31/12-AtlantaTy Dillon
83.3%
191: 11/3/12-TexasKevin Harvick
83.3%
196: 6/27/13-KentuckyTy Dillon
83.3%
197: 8/31/13-AtlantaKevin Harvick
83.3%
57: 2/5/95-PhoenixMike Skinner
77.8%
59: 5/5/95-PortlandMike Skinner
77.8%
61: 5/27/95-I-70Mike Skinner
77.8%
62: 6/3/95-LouisvilleMike Skinner
77.8%
63: 7/1/95-MilwaukeeMike Skinner
77.8%
64: 8/3/95-IRPMike Skinner
77.8%
67: 10/15/95-Mesa Merin Mike Skinner
77.8%
68: 10/28/95-PhoenixMike Skinner
77.8%
72: 5/25/96-TucsonMike Skinner
77.8%
73: 6/1/96-ColoradoMike Skinner
77.8%
74: 6/9/96-TopekaMike Skinner
77.8%
75: 8/1/96-IRPMike Skinner
77.8%
76: 8/10/96-FlemingtonMike Skinner
77.8%
77: 9/5/96-RichmondMike Skinner
77.8%
78: 9/21/96-MartinsvilleMike Skinner
77.8%
79: 10/14/96-Mesa MerinMike Skinner
77.8%
102: 2/16/02-DaytonaDale Earnhardt Jr
77.8%
107: 3/23/03-BristolKevin Harvick
77.8%
108: 5/2/03-RichmondKevin Harvick
77.8%
111: 8/3/03-IndyKevin Harvick
77.8%
113: 8/16/03-MichiganKevin Harvick
77.8%
114: 3/6/04-Las VegasKevin Harvick
77.8%
116: 11/20/04-HomesteadKevin Harvick
77.8%
120: 7/9/05-ChicagoKevin Harvick
77.8%
121: 9/9/05-RichmondKevin Harvick
77.8%
123: 11/5/05-TexasKevin Harvick
77.8%
Win/Date/Track Driver % Correct
125: 4/15/06-NashvilleKevin Harvick
77.8%
126: 4/21/06-PhoenixKevin Harvick
77.8%
128: 5/5/06-RichmondKevin Harvick
77.8%
130: 7/22/06-MartinsvilleKevin Harvick
77.8%
131: 8/5/06-IRPKevin Harvick
77.8%
147: 4/20/07-PhoenixClint Bowyer
77.8%
148: 5/4/07-RichmondClint Bowyer
77.8%
149: 6/30/07-LoudonKevin Harvick
77.8%
150: 7/14/07-ChicagoKevin Harvick
77.8%
151: 8/4/07-MontrealKevin Harvick
77.8%
152: 8/11/07-Watkins GlenKevin Harvick
77.8%
156: 11/3/07-TexasKevin Harvick
77.8%
169: 8/15/10-MichiganKevin Harvick
77.8%
176: 7/22/11-NashvilleAustin Dillon
77.8%
183: 3/31/12-MartinsvilleKevin Harvick
77.8%
189: 9/7/12-RichmondKevin Harvick
77.8%
190: 9/22/12-KentuckyAustin Dillon
77.8%
119: 6/12/05-NashvilleClint Bowyer
72.2%
122: 10/22/05-MemphisClint Bowyer
72.2%
144: 3/10/07-Las VegasJeff Burton
72.2%
145: 3/17/07-AtlantaJeff Burton
72.2%
154: 9/16/07-LoudonClint Bowyer
72.2%
158: 3/15/08-BristolClint Bowyer
72.2%
159: 3/16/08-BristolJeff Burton
72.2%
165: 4/25/10-TalladegaKevin Harvick
72.2%
167: 7/3/10-DaytonaKevin Harvick
72.2%
171: 9/25/10-Las VegasAustin Dillon
72.2%
172: 10/31/10-TalladegaClint Bowyer
72.2%
179: 9/16/11-ChicagoAustin Dillon
72.2%
180: 10/23/11-TalladegaClint Bowyer
72.2%
184: 6/29/12-KentuckyAustin Dillon
72.2%
101: 11/23/01-LoudonRobby Gordon
66.7%
124: 3/18/06-AtlantaJeff Burton
66.7%
129: 6/3/06-DoverJeff Burton
66.7%
153: 9/1/07-CaliforniaJeff Burton
66.7%
155: 10/13/07-CharlotteJeff Burton
66.7%
157: 11/17/07-HomesteadJeff Burton
66.7%
162: 10/11/08-CharlotteJeff Burton
66.7%
163: 7/3/09-DaytonaClint Bowyer
66.7%
164: 9/26/09-DoverClint Bowyer
66.7%
166: 7/2/10-DaytonaDale Earnhardt Jr
66.7%
168: 7/11/10-IowaAustin Dillon
66.7%
170: 9/19/10-LoudonClint Bowyer
66.7%
1: 6/5/83- Riverside Ricky Rudd
61.1%
2: 9/25/83-MartinsvilleRicky Rudd
61.1%
110: 6/22/03-SonomaRobby Gordon
61.1%
112: 8/10/03-Watkins GlenRobby Gordon
61.1%
161: 5/3/08-RichmondClint Bowyer
61.1%
109: 5/18/03-NazarethRon Hornaday Jr
55.6%
115: 6/26/04-MilwaukeeRon Hornaday Jr
55.6%
177: 7/31/11-IndyPaul Menard
55.6%
193: 2/23/13-DaytonaTony Stewart
55.6%
80: 5/31/97-LoudonJay Sauter
44.4%
82: 9/26/98-MartinsvilleJay Sauter
44.4%
85: 10/8/99-LouisvilleJay Sauter
44.4%
86: 10/15/99-TexasJay Sauter
44.4%
103: 3/23/02-BristolJeff Green
44.4%
104: 5/25/02-CharlotteJeff Green
44.4%
105: 7/13/02-ChicagoJohnny Sauter
38.9%
160: 3/22/08-NashvilleScott Wimmer
38.9%
186: 8/4/12-PoconoJoey Coulter
38.9%
98: 7/28/01-Pikes PeakJeff Purvis
33.3%
181: 3/3/12-PhoenixElliott Sadler
33.3%
182: 3/17/12-BristolElliott Sadler
33.3%
185: 7/22/12-ChicagoElliott Sadler
33.3%
187: 8/4/12-IowaElliott Sadler
33.3%

You're not logged in!

Compare scores with friends on all Sporcle quizzes.
Join for Free
OR
Log In

You Might Also Like...

Show Comments

Extras

Top Quizzes Today


Score Distribution

Your Account Isn't Verified!

In order to create a playlist on Sporcle, you need to verify the email address you used during registration. Go to your Sporcle Settings to finish the process.

Report this User

Report this user for behavior that violates our Community Guidelines.

Details: